Normal view MARC view
  • Jaworski, Adam,

Entry Personal Name

Number of records used in: 1

001 - CONTROL NUMBER

  • control field: 41906

003 - CONTROL NUMBER IDENTIFIER

  • control field: DLC

005 - DATE AND TIME OF LATEST TRANSACTION

  • control field: 20181105124804.0

008 - FIXED-LENGTH DATA ELEMENTS

  • fixed length control field: 860509n| azannaab |n aaa

010 ## - LIBRARY OF CONGRESS CONTROL NUMBER

  • LC control number: n 86140513

040 ## - CATALOGING SOURCE

  • Original cataloging agency: DLC
  • Language of cataloging: eng
  • Description conventions: rda
  • Transcribing agency: DLC
  • Modifying agency: DLC
  • Modifying agency: EG-ScBUE

100 1# - HEADING--PERSONAL NAME

  • Personal name: Jaworski, Adam,
  • Dates associated with a name: 1957-

670 ## - SOURCE DATA FOUND

  • Source citation: His A linguistic picture of women's position in society, c1986:
  • Information found: CIP t.p. (Adam Jaworski) galley (b. 1957; adjunct prof., Institute of English, Adam Mickiewicz Univ., Poznań, Poland)

670 ## - SOURCE DATA FOUND

  • Source citation: Sociolinguistics, 2009:
  • Information found: t.p. (Adam Jaworski, ed.)